|
|
|
|
| LEADER |
00000nab a2200000 a 4500 |
| 001 |
vtls000427965 |
| 003 |
SK-MaSNL |
| 005 |
20260426062843.0 |
| 008 |
120925c1991 xo 0 slo |
| 015 |
|
|
|a SNBRB19rr/mm-uuuuu
|
| 035 |
|
|
|a CL0428093
|
| 040 |
|
|
|a SNKBUCL
|b slo
|c SNKBUCL
|e AACR2
|
| 041 |
0 |
|
|a slo
|
| 044 |
|
|
|a xo
|c SK
|
| 080 |
|
|
|a 78.091.4:784.66
|2 1981
|
| 080 |
|
|
|a 784.66
|2 1981
|
| 245 |
0 |
0 |
|a Od folku po new age
|c (ipa)
|
| 611 |
2 |
7 |
|a Bratislavská lýra
|d (1991 :
|c Bratislava, Slovensko)
|2 snkbucl
|9 1282818
|
| 651 |
|
7 |
|a Bratislava (Slovensko)
|2 snkbucl
|9 14568
|
| 655 |
|
7 |
|a články z novín a časopisov
|2 snkbucl
|9 267496
|
| 773 |
0 |
|
|t Večerník
|g Roč. 36, č. 176 (10. 9. 1991), s. 5
|
| 850 |
|
|
|a Slovenská národná knižnica v Martine
|a MTA001
|
| 852 |
|
|
|a SNK
|b KIS3GCP
|
| 958 |
|
|
|a RK
|
| 992 |
|
|
|a RBX
|
| 999 |
|
|
|c 2550139
|d 2552069
|